LEADER 01239nam a2200301 i 4500 001 000000177798 003 CaOOAMICUS 005 20090224000000.0 008 090224s2008 it u000 u ita u 013 $a155367 020 $a978-88-16-41012-1 020 $a978-88-311-9340-5 040 $aSeMil$bita 245 10$aReligioni dell'Eurasia. 260 $aRoma :$bCittà Nuova,$c2008. 260 $aMilano :$bJaca Book,$c2008. 300 $aX, 353 p. :$bill. ;$c29 cm. 500 $aContiene : Bibliografia (sezioni). 650 4$aReligioni antiche.$0(OLS)http://semarc/subject/1378 773 0 $tEnciclopedia delle religioni.$dSettimo Milanese : Marzorati : [dal vol. 6]... Milano : Jaca Book, 1993-2010.$g12$w()6646 850 $aSeMil 852 $aSeMil$W1$xVenegono$y1$mSL1.M IV 18$j128599$B128599$CSeMilBibl$Z2$F139736 $8I 961 $aAcquisto: Jaca Book 996 $6020$a978-88-16-41012-1$9(OLS)http://semarc/number/166676 996 $6020$a978-88-311-9340-5$9(OLS)http://semarc/number/166677 996 $6245$aReligioni dell'Eurasia$9(OLS)http://semarc/title/255367 996 $6260$aMilano :$bJaca Book$9(OLS)http://semarc/publisher/29781 996 $6260$aRoma :$bCittà Nuova$9(OLS)http://semarc/publisher/29609 LEADER 00929nam a2200217 4500 001 000000353582 003 CaOOAMICUS 005 20230427142225.0 008 230427s1963 it a 000 u ita r 040 $aSeMil$bita 245 00$a4: Dall'arte carolingia al Gotico :$b(8. secolo-metà del 14.) /$ca cura di Alberto Martini. 264 1$aMilano :$bFabbri,$c1963. 300 $a235 p. :$bill. ;$c31 cm 700 1 $aMartini, Alberto,$d<1876-1954>.$0(OLS)http://semarc/name/7777 773 0 $tCapolavori nei secoli.$dMilano : Fabbri, 1961-1964.$g4$w()31451 850 $aSeMil 852 $aSeMil$W1$xVenegono$y1$m5F XII 31$j239765$B244768$CSeMilBibl$Z2$F244768 $81 961 $aRadice don Gianni - lascito 996 $6245$a4: Dall'arte carolingia al Gotico :$b(8. secolo-metà del 14.)$9(OLS)http://semarc/title/443663 996 $6264$aMilano :$bFabbri$9(OLS)http://semarc/publisher/30054